[Event "Asia-Oceania Uni"]
[Site "Tornelo INT"]
[Date "2022.12.21"]
[Round "3"]
[White "Kusuma, Putu Luhur Apngal"]
[Black "Wijerathne, MB."]
[Result "0-1"]
[WhiteElo "2051"]
[BlackElo "1440"]
[PlyCount "94"]
[EventDate "2022.12.21"]
[EventType "swiss (rapid)"]
[EventRounds "9"]
[EventCountry "NET"]
[SourceTitle "CBM 211 Extra"]
[Source "ChessBase"]
[SourceDate "2023.01.31"]
[SourceVersion "1"]
[SourceVersionDate "2023.01.31"]
[SourceQuality "1"]

1. d4 Nf6 2. c4 g6 3. Nc3 c5 4. d5 d6 5. e4 Bg7 6. f4 0-0 7. Nf3 Re8 8. Bd3 Bg4 9. 0-0 e6 10. h3 Bxf3 11. Qxf3 Nbd7 12. Bd2 exd5 13. cxd5 Qb6 14. Na4 Qc7 15. Rac1 a6 16. b3 Rab8 17. Bc3 b5 18. Nb2 Qb6 19. Kh1 Rbc8 20. Nd1 Re7 21. Nf2 h5 22. Rfe1 Rce8 23. g4 h4 24. Kg2 b4 25. Ba1 Nxd5 26. Bxg7 Kxg7 27. g5 Nc3 28. Bc4 d5 29. Rxc3 bxc3 30. Bxd5 Qa5 31. Rc1 f5 32. e5 Nb6 33. Bc6 Rc8 34. Rxc3 Qxa2 35. Rxc5 Rec7 36. e6 Qa3 37. Qc3+ Kh7 38. Nd3 Na4 39. Bxa4 Rxc5 40. Qf6 Rc2+ 41. Kf3 R2c7 42. Bd7 Rg8 43. e7 Rxd7 44. Qf7+ Rg7 45. Qxg7+ Kxg7 46. e8Q Rxd3+ 47. Ke2 Rd5 0-1